00459nam a2200169 a 450000100060000000300090000600800410001502000150005604000280007108200190009910000170011824500820013526000420021730000080025949000130026765000090028013892CO-ViMGA141112s2004 ck r 000 u spa d a8425512115 aCO-ViMGAbspacCO-ViMGA04a796.8152 P645i1 aPohler, Ralf10aIniciacion al Judo : bdel cinturon blanco al verde las primeras competencias aBarcelona : bHispano Europea, c1998 a128 aHerakles14aJUDO